[Event "2BLS 2324 SV 1947 Walldorf - TSV Schöna"]
[Site "?"]
[Date "2023.10.21"]
[Round "1.1"]
[White "Koelle, Tobias"]
[Black "Aczel, Gergely"]
[Result "1/2-1/2"]
[WhiteElo "2454"]
[BlackElo "2477"]
[PlyCount "52"]
[EventDate "2023.??.??"]

1. d4 Nf6 2. c4 e6 3. Nf3 d5 4. Nc3 Be7 5. Bf4 O-O 6. e3 Nbd7 7. c5 Nh5 8. Bd3 Nxf4 9. exf4 c6 10. O-O b6 11. b4 a5 12. a3 Ba6 13. Bxa6 Rxa6 14. Qe2 Qa8 15. b5 cxb5 16. c6 Qxc6 17. Nxb5 Qc4 18. Qb2 Qc8 19. Rfc1 Qd8 20. Rc6 Ra8 21. Rac1 Nf6 22. Ne5 Ne8 23. Nc7 Rb8 24. Na6 Ra8 25. Nc7 Rb8 26. Na6 Ra8 1/2-1/2

[Event "2BLS 2324 SV 1947 Walldorf - TSV Schöna"]
[Site "?"]
[Date "2023.10.21"]
[Round "1.2"]
[White "Gschnitzer, Adrian"]
[Black "Deuer, Marius"]
[Result "1/2-1/2"]
[WhiteElo "2402"]
[BlackElo "2462"]
[PlyCount "31"]
[EventDate "2023.??.??"]

1. e4 c6 2. d4 d5 3. e5 c5 4. dxc5 e6 5. a3 Bxc5 6. b4 Be7 7. Nf3 f6 8. Bb2 a5 9. Bb5+ Bd7 10. Bxd7+ Nxd7 11. Qe2 fxe5 12. Nxe5 Bf6 13. O-O Bxe5 14. Bxe5 Nxe5 15. Qxe5 Qf6 16. Qxf6 {(=)} 1/2-1/2

[Event "2BLS 2324 SV 1947 Walldorf - TSV Schöna"]
[Site "?"]
[Date "2023.10.21"]
[Round "1.3"]
[White "Iermito, Sebastian"]
[Black "Muckle, Julius"]
[Result "1-0"]
[WhiteElo "2521"]
[BlackElo "2402"]
[PlyCount "107"]
[EventDate "2023.??.??"]

1. Nf3 d5 2. g3 Nf6 3. Bg2 c6 4. c4 dxc4 5. O-O Nbd7 6. Qc2 Nb6 7. Na3 Be6 8. Ne5 Qd4 9. Nxc6 bxc6 10. Bxc6+ Bd7 11. Bxa8 Nxa8 12. Qxc4 e5 13. d3 Bxa3 14. Qxd4 exd4 15. bxa3 Nc7 16. Bb2 Ne6 17. f4 g6 18. e4 Bc6 19. Rac1 Kd7 20. f5 gxf5 21. exf5 Nc7 22. Bxd4 Ncd5 23. Rc5 a6 24. Rxd5+ Bxd5 25. Bxf6 Rc8 26. Rb1 Bxa2 27. Rb7+ Kd6 28. Rb6+ Kd7 29. Rb7+ Kd6 30. Rb6+ Kd7 31. Rxa6 Rc1+ 32. Kf2 Rc2+ 33. Ke3 Rxh2 34. Be5 Rc2 35. a4 Kc8 36. Ra8+ Kb7 37. Rb8+ Ka6 38. Ra8+ Kb7 39. Rb8+ Ka6 40. Rh8 Rc5 41. d4 Rc3+ 42. Kf4 Ra3 43. Rxh7 Rxa4 44. g4 Bd5 45. Kg5 Kb5 46. Rh8 Kc4 47. Rd8 Ra6 48. Rd7 Rb6 49. Ra7 Kd3 50. Kf4 f6 51. Bxf6 Rxf6 52. Ke5 Rf7 53. Rxf7 Bxf7 54. d5 1-0

[Event "2BLS 2324 SV 1947 Walldorf - TSV Schöna"]
[Site "?"]
[Date "2023.10.21"]
[Round "1.4"]
[White "Faerber, David"]
[Black "Diaz Camallonga, Carles"]
[Result "0-1"]
[WhiteElo "2375"]
[BlackElo "2481"]
[PlyCount "64"]
[EventDate "2023.??.??"]

1. e4 e6 2. d4 d5 3. Nd2 a6 4. Ngf3 c5 5. exd5 exd5 6. Be2 Nc6 7. O-O cxd4 8. Nb3 Bd6 9. Nbxd4 Nf6 10. Bg5 O-O 11. c4 Re8 12. Rc1 Nxd4 13. Nxd4 Be5 14. Rc2 dxc4 15. Nf3 Qxd1 16. Rxd1 Bf5 17. Rxc4 Bxb2 18. Bf1 b5 19. Rc6 Ne4 20. Be3 Rec8 21. Rxc8+ Rxc8 22. Nd4 Rd8 23. f3 Nc3 24. Re1 Bd7 25. Nb3 Re8 26. Kf2 Nxa2 27. Bd4 Rxe1 28. Kxe1 Bxd4 29. Nxd4 Kf8 30. Kd2 Ke7 31. Nc2 Kd6 32. Bd3 h6 0-1

[Event "2BLS 2324 SV 1947 Walldorf - TSV Schöna"]
[Site "?"]
[Date "2023.10.21"]
[Round "1.5"]
[White "Korneev, Oleg"]
[Black "Vonthron, Horst"]
[Result "1-0"]
[WhiteElo "2465"]
[BlackElo "2356"]
[PlyCount "67"]
[EventDate "2023.??.??"]

1. e4 e5 2. Nf3 Nc6 3. Bb5 Nf6 4. O-O Nxe4 5. d4 Nd6 6. Bxc6 dxc6 7. dxe5 Nf5 8. Qxd8+ Kxd8 9. h3 Be6 10. g4 Ne7 11. Ng5 Bd5 12. Nc3 h6 13. Nxd5 hxg5 14. Nc3 Rxh3 15. Bxg5 Ke8 16. Kg2 Rh8 17. Rad1 Ng6 18. f4 Be7 19. Ne4 Bxg5 20. Nxg5 Ke7 21. Kg3 Rad8 22. Nf3 c5 23. f5 Rxd1 24. Rxd1 Nf8 25. c4 Nd7 26. g5 g6 27. e6 fxe6 28. f6+ Nxf6 29. gxf6+ Kxf6 30. Rd7 Rc8 31. Kf4 a6 32. Ng5 e5+ 33. Kg4 e4 34. Kf4 1-0

[Event "2BLS 2324 SV 1947 Walldorf - TSV Schöna"]
[Site "?"]
[Date "2023.10.21"]
[Round "1.6"]
[White "Gschnitzer, Oswald"]
[Black "Menezes, Christoph"]
[Result "1/2-1/2"]
[WhiteElo "2343"]
[BlackElo "2392"]
[PlyCount "63"]
[EventDate "2023.??.??"]

1. Nf3 d5 2. c4 e6 3. d4 Nf6 4. Nc3 Bb4 5. Bg5 h6 6. Bxf6 Qxf6 7. e3 O-O 8. Rc1 dxc4 9. Bxc4 c5 10. O-O cxd4 11. Ne4 Qe7 12. a3 Ba5 13. Qxd4 Nc6 14. Qc5 Qxc5 15. Nxc5 Rd8 16. Bb5 Ne7 17. Rfd1 a6 18. Bd3 Kf8 19. Be4 Rb8 20. Ne5 Ke8 21. Nc4 Rxd1+ 22. Rxd1 Bc7 23. Nd6+ Bxd6 24. Rxd6 b6 25. Na4 b5 26. Nc5 a5 27. f4 b4 28. a4 Nf5 29. Rd3 Ke7 30. Bc6 Rb6 31. Bd7 Ba6 32. Nxa6 {(=)} 1/2-1/2

[Event "2BLS 2324 SV 1947 Walldorf - TSV Schöna"]
[Site "?"]
[Date "2023.10.21"]
[Round "1.7"]
[White "Kocharin, Timur"]
[Black "Hauser, Carlos"]
[Result "1/2-1/2"]
[WhiteElo "2181"]
[BlackElo "2228"]
[PlyCount "49"]
[EventDate "2023.??.??"]

1. c4 c6 2. d4 d5 3. Nf3 Nf6 4. Nc3 dxc4 5. a4 Bf5 6. e3 e6 7. Bxc4 Bb4 8. O-O O-O 9. Qe2 Nbd7 10. e4 Bg6 11. e5 Nd5 12. Bd2 Qa5 13. Nxd5 cxd5 14. Bb5 Nb6 15. Qe1 Bxd2 16. Qxd2 Qxd2 17. Nxd2 a5 18. Rfc1 Rfc8 19. Rc5 Rxc5 20. dxc5 Nc8 21. Nb3 Ne7 22. Rc1 Bf5 23. Nd4 g5 24. f3 h5 25. Kf2 1/2-1/2

[Event "2BLS 2324 SV 1947 Walldorf - TSV Schöna"]
[Site "?"]
[Date "2023.10.21"]
[Round "1.8"]
[White "Schlegel, Igor"]
[Black "Beyer, Christian"]
[Result "1-0"]
[WhiteElo "2254"]
[BlackElo "2261"]
[PlyCount "83"]
[EventDate "2023.??.??"]

1. e4 Nc6 2. Nf3 e5 3. Bc4 Nf6 4. d3 Bc5 5. O-O O-O 6. c3 d6 7. Re1 a6 8. a4 Ba7 9. h3 Be6 10. Bxe6 fxe6 11. Be3 Bxe3 12. Rxe3 Qd7 13. Nbd2 Rae8 14. b4 h6 15. Nf1 Re7 16. b5 Nb8 17. Qb3 c6 18. bxa6 Nxa6 19. d4 exd4 20. cxd4 c5 21. e5 Nd5 22. exd6 Qxd6 23. Ree1 Nf4 24. Rad1 c4 25. Qc3 Rc7 26. Re4 Nb4 27. Ne5 Nbd5 28. Qc2 Nd3 29. Nxc4 Rxc4 30. Qxd3 Rxa4 31. Rde1 Nf4 32. Qb5 Rxd4 33. Qxb7 Nd3 34. R1e2 Nc5 35. Rxd4 Qxd4 36. Qb6 Rf6 37. Rc2 Rf5 38. Ne3 Qa1+ 39. Kh2 Qe5+ 40. g3 Rxf2+ 41. Rxf2 Qxe3 42. Rc2 1-0

[Event "2BLS 2324 SC Viernheim II - SK Schmiden/"]
[Site "?"]
[Date "2023.10.21"]
[Round "1.1"]
[White "Kabisch, Thilo"]
[Black "Buhmann, Rainer"]
[Result "0-1"]
[WhiteElo "2237"]
[BlackElo "2563"]
[PlyCount "80"]
[EventDate "2023.??.??"]

1. e4 e5 2. Nf3 Nc6 3. Bb5 a6 4. Ba4 Nf6 5. O-O Be7 6. Re1 b5 7. Bb3 d6 8. c3 O-O 9. h3 Nb8 10. d4 Nbd7 11. Nbd2 Bb7 12. Bc2 c5 13. b3 cxd4 14. cxd4 exd4 15. Nxd4 Re8 16. Bb2 Bf8 17. Nf5 g6 18. Ng3 Bg7 19. Nf3 Rc8 20. a4 Qc7 21. Re2 bxa4 22. Rxa4 Nc5 23. Rc4 Qb8 24. Qa1 Ncd7 25. Rb4 Rc5 26. Bd3 Qc7 27. Re1 Bc6 28. Bd4 a5 29. Rc4 Qb7 30. Qc3 Bb5 31. Bxc5 Nxc5 32. Rxc5 dxc5 33. Qc2 Nd7 34. Rc1 Rb8 35. e5 Nxe5 36. Nxe5 Bxe5 37. Bxb5 Qxb5 38. Qxc5 Bxg3 39. fxg3 Qxb3 40. Qxa5 Qe3+ 0-1

[Event "2BLS 2324 SC Viernheim II - SK Schmiden/"]
[Site "?"]
[Date "2023.10.21"]
[Round "1.2"]
[White "Tarlev, Konstantin"]
[Black "Trachtmann, Mark"]
[Result "1-0"]
[WhiteElo "2589"]
[BlackElo "2242"]
[PlyCount "81"]
[EventDate "2023.??.??"]

1. e4 g6 2. d4 Bg7 3. Nc3 d6 4. Be2 Nc6 5. Be3 e5 6. dxe5 Nxe5 7. Nf3 Nc6 8. Bg5 Bf6 9. Qd2 Bxg5 10. Nxg5 Nf6 11. O-O-O h6 12. Nf3 Bg4 13. Bb5 Kf8 14. Bxc6 bxc6 15. e5 Bxf3 16. gxf3 Ne8 17. Ne4 Qh4 18. exd6 cxd6 19. Qc3 Kg8 20. Qxc6 Rb8 21. Qd7 Qf4+ 22. Kb1 Qe5 23. b3 Kg7 24. Nxd6 Nxd6 25. Qxd6 Qf5 26. Qd4+ Kh7 27. Qxa7 Rbc8 28. Rd3 Rhe8 29. Qd7 Qf6 30. Rhd1 Ra8 31. Qd4 Qf5 32. Qd5 Qf6 33. a4 Rac8 34. Qd7 Rb8 35. Qd6 Qf5 36. Rc3 Kg8 37. Kb2 h5 38. Rd4 Qg5 39. Qf4 Qg1 40. Rd7 Rf8 41. Rxf7 1-0

[Event "2BLS 2324 SC Viernheim II - SK Schmiden/"]
[Site "?"]
[Date "2023.10.21"]
[Round "1.3"]
[White "Krockenberger, Martin"]
[Black "Beikert, Guenther"]
[Result "0-1"]
[WhiteElo "2139"]
[BlackElo "2367"]
[PlyCount "64"]
[EventDate "2023.??.??"]

1. e4 e5 2. Nf3 Nc6 3. d4 exd4 4. Nxd4 Bc5 5. Nxc6 Qf6 6. Qf3 Qxf3 7. gxf3 dxc6 8. Bf4 Bd6 9. Bxd6 cxd6 10. Nc3 f5 11. O-O-O Ke7 12. Rg1 g6 13. Bd3 Nh6 14. Rde1 f4 15. e5 d5 16. Ne2 Rf8 17. c4 dxc4 18. Bxc4 Be6 19. Bxe6 Kxe6 20. Nd4+ Ke7 21. Re4 Rad8 22. Ne2 Rd3 23. Rd1 Rxd1+ 24. Kxd1 g5 25. Rb4 b5 26. Rb3 Nf7 27. Ra3 Rd8+ 28. Ke1 Rd7 29. h4 h6 30. hxg5 hxg5 31. Ng1 Nxe5 32. Rc3 c5 0-1

[Event "2BLS 2324 SC Viernheim II - SK Schmiden/"]
[Site "?"]
[Date "2023.10.21"]
[Round "1.4"]
[White "Abergel, Thal"]
[Black "Holzhaeuer, Mathias"]
[Result "1/2-1/2"]
[WhiteElo "2390"]
[BlackElo "2222"]
[PlyCount "108"]
[EventDate "2023.??.??"]

1. c4 e5 2. d3 Nf6 3. Nf3 Nc6 4. a3 a5 5. Nc3 Bc5 6. e3 d6 7. Be2 O-O 8. O-O Bb6 9. Bd2 Ne7 10. b4 c6 11. Qc2 Ng6 12. Rac1 h6 13. d4 Re8 14. dxe5 dxe5 15. c5 Bc7 16. e4 Nf4 17. Rfe1 axb4 18. axb4 Nxe2+ 19. Nxe2 Nh7 20. Ng3 Bg4 21. Re3 Ng5 22. Rd3 Qe7 23. Bxg5 hxg5 24. Qd2 Bxf3 25. Nf5 Qe6 26. Rxf3 f6 27. Rd3 Red8 28. h3 Rxd3 29. Qxd3 Rd8 30. Qa3 g6 31. Ne3 Kg7 32. Qa7 Qc8 33. b5 Rd7 34. Qa4 Bd8 35. Nc4 cxb5 36. Qxb5 Qc6 37. Rb1 Rd1+ 38. Kh2 Rxb1 39. Qxb1 b5 40. Nd6 Qxc5 41. Nb7 Qb6 42. Nxd8 Qxd8 43. Qxb5 Qd2 44. Qb7+ Kh6 45. Qc8 Kg7 46. Qc7+ Kh6 47. Qc5 Qf4+ 48. Kg1 Kg7 49. g3 Qf3 50. Qc7+ Kf8 51. Qd8+ Kf7 52. Qd7+ Kf8 53. Qe6 Qd1+ 54. Kg2 Qd8 1/2-1/2

[Event "2BLS 2324 SC Viernheim II - SK Schmiden/"]
[Site "?"]
[Date "2023.10.21"]
[Round "1.5"]
[White "Loehr, Markus"]
[Black "Dobrikov, Marco"]
[Result "0-1"]
[WhiteElo "2222"]
[BlackElo "2252"]
[PlyCount "100"]
[EventDate "2023.??.??"]

1. d4 Nf6 2. c4 g6 3. Nc3 Bg7 4. e4 d6 5. Nf3 O-O 6. Be2 e5 7. d5 a5 8. Bg5 Na6 9. Nd2 h6 10. Bh4 Qe8 11. O-O Nh7 12. a3 Bd7 13. Kh1 h5 14. f3 Bh6 15. b3 Be3 16. Rb1 Nc5 17. Qc2 f5 18. exf5 gxf5 19. b4 axb4 20. axb4 Na4 21. Nd1 Bh6 22. c5 Nf6 23. Bc4 Kh8 24. Bb3 Bb5 25. Re1 Nd7 26. Nc3 Nxc3 27. Qxc3 Qg6 28. Nc4 Rg8 29. Rg1 Bg7 30. c6 e4 31. Qe3 bxc6 32. dxc6 Nf6 33. Na5 Rge8 34. Rge1 Bd3 35. Rbd1 exf3 36. Qxf3 Be4 37. Qg3 Ng4 38. Re2 Be5 39. Qh3 Bxh2 40. Nc4 Bxc6 41. Ree1 Rxe1+ 42. Rxe1 Re8 43. Nd2 Rxe1+ 44. Bxe1 Qe8 45. Qh4 Be5 46. Qh3 Bf4 47. Nf3 Qxe1+ 48. Nxe1 Nf2+ 49. Kg1 Nxh3+ 50. gxh3 Bd2 0-1

[Event "2BLS 2324 SC Viernheim II - SK Schmiden/"]
[Site "?"]
[Date "2023.10.21"]
[Round "1.6"]
[White "Aizpurua, Patrick Emilio"]
[Black "Thoma, Christian"]
[Result "1/2-1/2"]
[WhiteElo "2315"]
[BlackElo "2216"]
[PlyCount "53"]
[EventDate "2023.??.??"]

1. d4 Nf6 2. c4 e6 3. Nc3 Bb4 4. e3 O-O 5. Bd3 d5 6. Nf3 c5 7. O-O cxd4 8. exd4 dxc4 9. Bxc4 Nc6 10. Bg5 Be7 11. Re1 b6 12. a3 Bb7 13. Ba2 Nd5 14. Bd2 Bf6 15. Nxd5 exd5 16. Bf4 Rc8 17. Qd3 Na5 18. h3 Nc4 19. Re2 Re8 20. Rae1 Re4 21. Bg3 Qe7 22. Bxc4 dxc4 23. Rxe4 cxd3 24. Rxe7 Bxe7 25. Rd1 Be4 26. Ne5 Bf6 27. Nxd3 1/2-1/2

[Event "2BLS 2324 SC Viernheim II - SK Schmiden/"]
[Site "?"]
[Date "2023.10.21"]
[Round "1.7"]
[White "Witke, Thomas"]
[Black "Muetsch, Annmarie"]
[Result "0-1"]
[WhiteElo "2185"]
[BlackElo "2262"]
[PlyCount "72"]
[EventDate "2023.??.??"]

1. d4 d6 2. e4 Nf6 3. Nc3 e5 4. dxe5 dxe5 5. Qxd8+ Kxd8 6. f4 Bb4 7. Bd3 Re8 8. Nge2 Nbd7 9. f5 c6 10. Be3 g6 11. Rf1 Kc7 12. O-O-O b5 13. Bg5 Be7 14. h3 a6 15. Rf3 Bb7 16. Ng3 Ng8 17. Bd2 h5 18. a4 Nc5 19. fxg6 fxg6 20. Rf7 Rad8 21. Be3 Kb8 22. a5 Ne6 23. Nce2 Rf8 24. Rdf1 Rxf7 25. Rxf7 Rf8 26. Rxf8+ Bxf8 27. Ng1 c5 28. c3 c4 29. Bc2 h4 30. Nf1 Nf4 31. Nf3 Nxg2 32. Nxe5 Nxe3 33. Nxe3 Bh6 34. Kd2 Nf6 35. Nxg6 Ng4 36. Nxh4 Nxe3 0-1

[Event "2BLS 2324 SC Viernheim II - SK Schmiden/"]
[Site "?"]
[Date "2023.10.21"]
[Round "1.8"]
[White "Mueller, Michael"]
[Black "Hamburg, Arthur"]
[Result "0-1"]
[WhiteElo "2088"]
[BlackElo "1991"]
[PlyCount "132"]
[EventDate "2023.??.??"]

1. d4 Nf6 2. Nf3 e6 3. Bf4 d5 4. e3 Bd6 5. Bg3 c5 6. c3 Nc6 7. Nbd2 b6 8. Bd3 Qc7 9. Qe2 Bb7 10. a3 O-O 11. O-O e5 12. dxe5 Nxe5 13. Nxe5 Bxe5 14. Rfd1 Rfe8 15. Nf3 Bxg3 16. hxg3 Rad8 17. Rac1 Ne4 18. Bxe4 Rxe4 19. Rd2 h6 20. Rcd1 Rde8 21. Qd3 g5 22. Rc2 Qc8 23. b3 Qg4 24. Rdc1 h5 25. c4 h4 26. Nh2 Qe6 27. Nf1 d4 28. exd4 Rxd4 29. Qe3 Qxe3 30. fxe3 Rg4 31. Rd2 hxg3 32. Rd7 Be4 33. b4 f5 34. Rcd1 f4 35. exf4 gxf4 36. Re1 Rg7 37. Rxg7+ Kxg7 38. bxc5 bxc5 39. Nd2 Bc6 40. Rxe8 Bxe8 41. Kf1 Bg6 42. Ke2 Kf6 43. Nb3 Be4 44. Kf1 Bd3+ 45. Ke1 Bxc4 46. Nxc5 Ke5 47. Nd7+ Kd4 48. Nf6 Be6 49. Ke2 Ke5 50. Nh7 Bd5 51. Kf1 f3 52. gxf3 Bxf3 53. Nf8 Kd5 54. Nd7 Kd4 55. Kg1 Kc3 56. Ne5 Bd5 57. Ng6 Kb3 58. Ne7 Bb7 59. Nf5 g2 60. Nd6 Bc6 61. Nf5 Kxa3 62. Nd4 Bd7 63. Kxg2 Kb2 64. Kf2 a5 65. Ke3 a4 66. Kd2 a3 0-1

[Event "2BLS 2324 OSG Baden-Baden II - SF Bad Me"]
[Site "?"]
[Date "2023.10.21"]
[Round "1.1"]
[White "Kazakouski, Valery"]
[Black "Gozzoli, Yannick"]
[Result "1-0"]
[WhiteElo "2564"]
[BlackElo "2569"]
[PlyCount "105"]
[EventDate "2023.??.??"]

1. e4 e5 2. Nf3 Nc6 3. Bc4 Nf6 4. d3 Bc5 5. a4 a6 6. c3 d6 7. O-O Ba7 8. Be3 O-O 9. Nbd2 Ne7 10. Bxa7 Rxa7 11. a5 Ng6 12. Re1 Ra8 13. d4 Bd7 14. Qb3 Rb8 15. Qa3 h6 16. Bf1 Re8 17. c4 exd4 18. Nxd4 Ng4 19. f3 Qg5 20. Qc3 N4e5 21. Kh1 h5 22. g3 Nc6 23. Nc2 h4 24. f4 Qh5 25. Kg1 hxg3 26. hxg3 Qg4 27. Bg2 Nf8 28. Kf2 Nh7 29. Rh1 Nf6 30. Rh4 Qg6 31. f5 Bxf5 32. exf5 Qxf5+ 33. Kg1 Re2 34. Rf1 Qc5+ 35. Kh1 Qe5 36. Qd3 Re8 37. b4 Qg5 38. Ne4 Nxe4 39. Bxe4 Rd2 40. Bh7+ Kf8 41. Qf5 Qxf5 42. Bxf5 Ree2 43. b5 Ne5 44. Nd4 Re3 45. Bc8 Ng6 46. Nf5 Re8 47. Bxb7 Nxh4 48. Nxh4 axb5 49. cxb5 Re3 50. Nf3 Ra2 51. a6 Rea3 52. Bd5 Rb2 53. Ng5 1-0

[Event "2BLS 2324 OSG Baden-Baden II - SF Bad Me"]
[Site "?"]
[Date "2023.10.21"]
[Round "1.2"]
[White "Dann, Matthias"]
[Black "Rakotomaharo, Fy Antenaina"]
[Result "0-1"]
[WhiteElo "2477"]
[BlackElo "2454"]
[PlyCount "70"]
[EventDate "2023.??.??"]

1. e4 e5 2. Nf3 Nc6 3. Nc3 Nf6 4. Bb5 Bd6 5. O-O O-O 6. d3 Re8 7. Bg5 h6 8. Bh4 Bf8 9. a3 d6 10. Re1 g5 11. Bg3 Bg4 12. Re3 Bg7 13. Qd2 Nh5 14. Bxc6 bxc6 15. h3 Bd7 16. Rf1 Qf6 17. Ne2 c5 18. b4 Nf4 19. bxc5 dxc5 20. Qc3 Bxh3 21. gxh3 Nxe2+ 22. Rxe2 Qxf3 23. Re3 Qf6 24. Qxc5 Bf8 25. Qc3 Qd6 26. h4 Rab8 27. hxg5 hxg5 28. Rf3 f6 29. Kg2 Kg7 30. Rh1 Qc5 31. Qd2 Be7 32. c3 Rb3 33. d4 exd4 34. e5 Rxc3 35. exf6+ Bxf6 0-1

[Event "2BLS 2324 OSG Baden-Baden II - SF Bad Me"]
[Site "?"]
[Date "2023.10.21"]
[Round "1.3"]
[White "Ikonnikov, Vyacheslav"]
[Black "Martin, Julian"]
[Result "0-1"]
[WhiteElo "2459"]
[BlackElo "2413"]
[PlyCount "64"]
[EventDate "2023.??.??"]

1. d4 Nf6 2. Nf3 e6 3. c4 d5 4. Nc3 dxc4 5. e3 a6 6. a4 b6 7. Bxc4 Bb7 8. O-O Bb4 9. Qe2 O-O 10. Rd1 Nbd7 11. Bd2 Qe7 12. Ne5 Nxe5 13. dxe5 Nd7 14. f4 Nc5 15. Be1 Rfd8 16. Rd4 Rd7 17. Rxd7 Qxd7 18. Ne4 Bxe4 19. Bxb4 Bd3 20. Bxd3 Nxd3 21. Be1 Qd5 22. Rd1 Rd8 23. Qf3 Qc4 24. Bc3 b5 25. axb5 axb5 26. h3 h6 27. Qf1 c5 28. Bd4 Nb4 29. Bc3 Rxd1 30. Qxd1 Nd5 31. Bd2 Qe4 32. Qe1 b4 0-1

[Event "2BLS 2324 OSG Baden-Baden II - SF Bad Me"]
[Site "?"]
[Date "2023.10.21"]
[Round "1.4"]
[White "Schmider, Niklas"]
[Black "Razafindratsima, Timothe"]
[Result "0-1"]
[WhiteElo "2395"]
[BlackElo "2459"]
[PlyCount "130"]
[EventDate "2023.??.??"]

1. e4 c5 2. Nf3 Nc6 3. Bb5 g6 4. Bxc6 bxc6 5. O-O Bg7 6. Re1 Qc7 7. d3 e5 8. c3 d6 9. d4 cxd4 10. cxd4 Nf6 11. dxe5 dxe5 12. b3 O-O 13. Bb2 Nh5 14. Nbd2 Nf4 15. Qc2 f6 16. g3 Ne6 17. Rac1 Bb7 18. Nc4 c5 19. Ne3 Qf7 20. Qc4 Rad8 21. Ba3 f5 22. exf5 gxf5 23. Nh4 Rd4 24. Qf1 Rxh4 25. gxh4 Nd4 26. Qh3 f4 27. Ng2 e4 28. Kh1 Nb5 29. Rxc5 Nxa3 30. Rec1 Bd5 31. Rc7 Qf6 32. Qg4 e3 33. Rd7 h5 34. Qxh5 Be6 35. Rxa7 Qb2 36. Rf1 exf2 37. Nxf4 Bf5 38. Re7 Qf6 39. Nd5 Qd6 40. Rxg7+ Kxg7 41. Qg5+ Kh7 42. Qh5+ Qh6 43. Qxh6+ Kxh6 44. Rxf2 Be4+ 45. Kg1 Rg8+ 46. Kf1 Bxd5 47. Rf6+ Kg7 48. Ra6 Nb5 49. Ke2 Rd8 50. h5 Bf7 51. h6+ Kh7 52. Ke3 Bg6 53. a4 Nd4 54. Rb6 Rd5 55. Kf4 Kxh6 56. b4 Ne2+ 57. Ke3 Nc3 58. a5 Rd3+ 59. Kf2 Kg5 60. a6 Bh5 61. Re6 Bf3 62. Re1 Ne4+ 63. Kf1 Rd2 64. Ra1 Rxh2 65. a7 Rh1# 0-1

[Event "2BLS 2324 OSG Baden-Baden II - SF Bad Me"]
[Site "?"]
[Date "2023.10.21"]
[Round "1.5"]
[White "Neuman, Petr"]
[Black "Hagner, Bennet"]
[Result "1-0"]
[WhiteElo "2384"]
[BlackElo "2307"]
[PlyCount "81"]
[EventDate "2023.??.??"]

1. c4 Nf6 2. Nc3 e6 3. d4 Bb4 4. e3 O-O 5. Nge2 d5 6. a3 Be7 7. Nf4 c6 8. Bd3 Nbd7 9. O-O dxc4 10. Bxc4 e5 11. Nfe2 Bd6 12. Ng3 Nb6 13. Ba2 exd4 14. exd4 h6 15. Qd3 Re8 16. Bxh6 gxh6 17. Qg6+ Kh8 18. Bxf7 Rg8 19. Qxh6+ Nh7 20. Bxg8 Kxg8 21. Qg6+ Kh8 22. Rfe1 Bf8 23. d5 Qf6 24. Qxf6+ Nxf6 25. dxc6 bxc6 26. Nge4 Bg7 27. Nxf6 Bxf6 28. Rad1 Nc4 29. Re8+ Kg7 30. Ne4 Nxb2 31. Rd6 Bh4 32. Rxc6 Bd7 33. Rxa8 Bxc6 34. Rxa7+ Kf8 35. Nd6 Nd3 36. Rc7 Ba4 37. Rc4 Bxf2+ 38. Kf1 Ke7 39. Nc8+ Kd8 40. Rxa4 Kxc8 41. Rc4+ 1-0

[Event "2BLS 2324 OSG Baden-Baden II - SF Bad Me"]
[Site "?"]
[Date "2023.10.21"]
[Round "1.6"]
[White "Bellahcene, Bilel"]
[Black "Msellek, Ilyass"]
[Result "1/2-1/2"]
[WhiteElo "2520"]
[BlackElo "2411"]
[PlyCount "82"]
[EventDate "2023.??.??"]

1. e4 c5 2. Nf3 e6 3. d4 cxd4 4. Nxd4 Nf6 5. Nc3 Nc6 6. Ndb5 Bb4 7. a3 Bxc3+ 8. Nxc3 d5 9. exd5 exd5 10. Bd3 O-O 11. O-O Bg4 12. f3 Bh5 13. Bg5 Qb6+ 14. Kh1 Ne4 15. Nxe4 dxe4 16. Bxe4 Bg6 17. Bxc6 Qxc6 18. c3 Rfe8 19. Re1 Rxe1+ 20. Qxe1 Re8 21. Qf2 Qb5 22. Be3 a5 23. Re1 a4 24. Bd4 Rxe1+ 25. Qxe1 h5 26. Qf2 Qd3 27. h4 Qc2 28. Kg1 Qxf2+ 29. Kxf2 f6 30. Ke3 Kf7 31. Bc5 b5 32. g4 hxg4 33. fxg4 Bc2 34. g5 fxg5 35. hxg5 Ke6 36. Bd4 g6 37. Bf6 Kd6 38. Kd2 Bf5 39. Ke3 Bc2 40. Kd2 Bf5 41. Ke3 Bc2 1/2-1/2

[Event "2BLS 2324 OSG Baden-Baden II - SF Bad Me"]
[Site "?"]
[Date "2023.10.21"]
[Round "1.7"]
[White "Gasthofer, Alexander"]
[Black "Trifan, Andrei Ioan"]
[Result "1/2-1/2"]
[WhiteElo "2397"]
[BlackElo "2302"]
[PlyCount "57"]
[EventDate "2023.??.??"]

1. Nf3 Nf6 2. c4 c5 3. g3 g6 4. Bg2 Bg7 5. O-O O-O 6. d4 d6 7. dxc5 dxc5 8. Ne5 Nfd7 9. Nxd7 Qxd7 10. Qxd7 Nxd7 11. Nc3 Nb6 12. Be3 Nxc4 13. Bxc5 Nxb2 14. Nd5 Na4 15. Bxe7 Bxa1 16. Rxa1 Be6 17. Bxf8 Rxf8 18. Rc1 Rd8 19. e4 Nb6 20. h4 Kg7 21. Nxb6 axb6 22. Rb1 Bxa2 23. Rxb6 Rd1+ 24. Kh2 Rd2 25. f4 Bc4 26. Kg1 Rd1+ 27. Kf2 Rd2+ 28. Kg1 Rd1+ 29. Kf2 1/2-1/2

[Event "2BLS 2324 OSG Baden-Baden II - SF Bad Me"]
[Site "?"]
[Date "2023.10.21"]
[Round "1.8"]
[White "Riff, Jean-Noel"]
[Black "Raps, Johannes"]
[Result "1-0"]
[WhiteElo "2399"]
[BlackElo "2107"]
[PlyCount "85"]
[EventDate "2023.??.??"]

1. e4 e6 2. d4 d5 3. Nc3 Nc6 4. Nf3 Bb4 5. e5 h6 6. a3 Bxc3+ 7. bxc3 Na5 8. a4 Bd7 9. Ba3 Nc4 10. Bxc4 dxc4 11. Nd2 Qg5 12. O-O Bc6 13. f3 Qe3+ 14. Kh1 Qxc3 15. Ne4 Qa5 16. c3 b6 17. Bb4 Qa6 18. a5 Qb7 19. Qe2 Bd5 20. Nd2 b5 21. a6 Qc8 22. Ra5 Qd7 23. Ne4 Ne7 24. Bxe7 Qxe7 25. Rxb5 Qa3 26. Qb2 Qxb2 27. Rxb2 Kd7 28. Nc5+ Ke7 29. Rb7 Bxb7 30. axb7 Rab8 31. Ra1 f6 32. f4 g5 33. exf6+ Kxf6 34. fxg5+ hxg5 35. Rxa7 e5 36. Nd7+ Kf5 37. Nxb8 Rxb8 38. dxe5 Kxe5 39. Ra5+ Kf4 40. Rc5 Rxb7 41. h3 Ke3 42. Rxc4 Kf2 43. Kh2 1-0

[Event "2BLS 2324 SC Eppingen - Heilbronner SV"]
[Site "?"]
[Date "2023.10.21"]
[Round "1.1"]
[White "Baenziger, Fabian"]
[Black "Acs, Peter"]
[Result "1/2-1/2"]
[WhiteElo "2417"]
[BlackElo "2567"]
[PlyCount "38"]
[EventDate "2023.??.??"]

1. d4 d5 2. c4 c6 3. Nf3 Nf6 4. Nc3 e6 5. e3 Nbd7 6. Qc2 Bd6 7. Be2 O-O 8. O-O dxc4 9. a4 a6 10. Bxc4 c5 11. dxc5 Bxc5 12. a5 Qc7 13. Bd2 Bb4 14. Ne4 Bxd2 15. Nexd2 b6 16. axb6 Qxb6 17. Be2 Bb7 18. Nc4 Qc7 19. Rfc1 Rfb8 1/2-1/2

[Event "2BLS 2324 SC Eppingen - Heilbronner SV"]
[Site "?"]
[Date "2023.10.21"]
[Round "1.2"]
[White "Noe, Christopher"]
[Black "Stijve, Theo"]
[Result "1-0"]
[WhiteElo "2532"]
[BlackElo "2333"]
[PlyCount "87"]
[EventDate "2023.??.??"]

1. Nf3 c5 2. b3 d5 3. Bb2 Nf6 4. e3 e6 5. c4 Nc6 6. cxd5 exd5 7. Bb5 Bd6 8. O-O O-O 9. Bxc6 bxc6 10. d3 Rb8 11. Nbd2 Bf5 12. Qe2 Re8 13. Rfe1 Nh5 14. Qf1 Rb4 15. Rec1 Rg4 16. d4 Qa5 17. Bc3 Qd8 18. dxc5 Bxc5 19. Bd4 Bxd4 20. Nxd4 Bd7 21. Nxc6 Qf6 22. Nd4 Nf4 23. g3 Rg6 24. Rc7 Bh3 25. Qb5 Rd8 26. Rac1 Bg4 27. N2f3 Nh3+ 28. Kg2 h5 29. R1c6 Be6 30. Nxe6 fxe6 31. Rc8 Rf8 32. Rxf8+ Qxf8 33. Qc5 Qf5 34. Rc8+ Kh7 35. Qf8 Qxf8 36. Rxf8 Ng5 37. Nxg5+ Rxg5 38. h4 Rg4 39. Ra8 e5 40. Rxa7 d4 41. exd4 Rxd4 42. Ra5 Re4 43. Kf1 Kg6 44. Ra4 1-0